000 00696nam a2200205 a 4500
005 20210223130542.0
008 080723s1983 mx r 000 0 spa d
035 _aUPN01000158029
049 _aUNE
080 1 4 _a374.71 (7/8) PIC No.9.
100 1 _aPicón Espinoza, César
_929857
245 1 0 _aEducación de adultos en América Latina /
_cCésar Picón Espinoza.
260 _aMéxico :
_bCREFAL ;
_aWashington :
_bOEA :
_bPREDE,
_c1983.
300 _a443 p.
440 0 _aRetablo de papel ;
_v9
690 _aEducación de adultos - América Latina
690 _aAmérica Latina - Educación de Adultos
690 _aDesarrollo de la educación - Educación de adultos
905 _aUNESCO
999 _c130143
_d130143